000 00451nam a2200193Ia 4500
005 20240823054916.0
008 240823s9999||||xx |||||||||||||| ||und||
020 _a81-7024-748-9
041 _aENGLISH
082 _A915.404 Q1
100 _aShalini Singh
245 0 _aProfiles of Indian Tourism
250 _a1st
260 _c2011
_bA.P.H Publishing Corpor
500 _aYES
650 _aGeneral
_bGeneral
942 _cBK
999 _c227564
_d227564